Städte mit "D" - Statistiken

Allgemein
  • Dieses Quiz wurde 82 mal gespielt
  • Das Durchschnittsergebnis liegt bei 19 aus 43
Antwortstatistiken
Land Stadt % Korrekt
Deutschland 🇩🇪 Düsseldorf
94%
Deutschland 🇩🇪 Dortmund
84%
Irland 🇮🇪 Dublin
83%
Deutschland 🇩🇪 Duisburg
83%
Syrien 🇸🇾 Damaskus
78%
Deutschland 🇩🇪 Dresden
78%
Senegal 🇸🇳 Dakar
72%
Ver. Arab. Emir. Dubai
72%
Katar 🇶🇦 Doha
71%
USA 🇺🇸 Dallas
70%
Deutschland 🇩🇪 Darmstadt
65%
Bangladesch 🇧🇩 Dhaka
65%
USA 🇺🇸 Denver
64%
Polen 🇵🇱 Danzig
61%
Dschibuti 🇩🇯 Dschibuti
61%
Niederlande 🇳🇱 Den Haag
59%
Indien 🇮🇳 Delhi
57%
USA 🇺🇸 Detroit
55%
Osttimor 🇹🇱 Dili
55%
Südafrika 🇿🇦 Durban
49%
Tadschikistan 🇹🇯 Duschanbe
46%
Tansania 🇹🇿 Daressalam
41%
Deutschland 🇩🇪 Düren
39%
Deutschland 🇩🇪 Dachau
36%
Deutschland 🇩🇪 Detmold
36%
USA 🇺🇸 Dover
36%
Tansania 🇹🇿 Dodoma
35%
Frankreich 🇫🇷 Dijon
33%
Ukraine 🇺🇦 Donezk
29%
Australien 🌏 Darwin
28%
Deutschland 🇩🇪 Dessau
26%
Albanien 🇦🇱 Durres
20%
Südkorea 🇰🇷 Daegu
17%
Schweiz 🇨🇭 Davos
16%
Saudi-Arabien 🇸🇦 Dschidda
16%
China 🇨🇳 Dalian
12%
Phillipinen Davao City
10%
Großbritannien 🇬🇧 Derby
9%
Deutschland 🇩🇪 Döbeln
7%
China 🇨🇳 Dongguan
4%
Schweiz 🇨🇭 Delemont
3%
Italien 🇮🇹 Dubrovnik
3%
Deutschland 🇩🇪 Doberlug - Kirchhain
1%
Keine übereinstimmenden Quizze gefunden
Verteilung der Resultate
Anzahl Personen mit jedem Resultat
Perzentil nach korrekt beantworteten Fragen
Ihre Resultats-Entwicklung
Sie haben dieses Quiz noch nicht gespielt